Представление документа в формате MARC21

Поле Инд. ПП Название Значение
Тип записи a
Библиографический уровень m
001 Контрольный номер 1d378b2a-f30e-4e0f-9908-12291b23553b
005 Дата корректировки 20260521153144.2
008 Кодируемые данные 040901
020 a ISBN 5-89117-062-0
040 a Служба первич. каталог. НБ ТвГУ
041 0_ a Код языка текста rus
080 a Индекс УДК 530.12:531.51
084 a Индекс другой классификации/Индекс ББК В313.34
a Индекс другой классификации/Индекс ББК В315.8
090 x Авторский знак И20
a Полочн. индекс В313.3
100 1_ a Автор Иванов Юрий Николаевич
245 10 a Заглавие Ритмодинамика безамплитудных полей
b Продолж. заглавия Фазочастотная причина Гравитационного дрейфа.
c Ответственность Ю. Н. Иванов ; Междунар. акад. информатизации, Рос. акад. естеств. наук (РАЕН), Ин-т Ритмодинамики (МИРИТ)
245 _0 a Заглавие Фазочастотная причина Гравитационного дрейфа.
260 0_ a Место издания Москва
b Издательство Новый Центр
c Дата издания 2000
300 a Объем 20 с.
b Иллюстрации/ тип воспроизводства ил.
504 a Библиография Библиогр.: с.18-19.
650 04 a Основная рубрика Тяготение
x Основная подрубрика Теория
650 04 a Основная рубрика Физика теоретическая
653 0_ a Ключевые слова Гравитация
a Ключевые слова Тяготение
a Ключевые слова Теория тяготения
a Ключевые слова Безамплитудное поле
a Ключевые слова Гравитационное поле
a Ключевые слова Ритмодинамика
a Ключевые слова Гравитационный дрейф
a Ключевые слова Фазочастотный гравитационный дрейф
a Ключевые слова Физика
a Ключевые слова Теоретическая физика
852 41 t Порядковый номер экземпляра 1
p Инвентарный номер 788211
952 p 329.2004 10.00 1 788211
c Вид литературы К рн
954 a Дата поступления на обработку 20041102